Breviario alfabético (notice nᵒ 10860)
[ vue normale ]
| 000 -Sello discográfico | |
|---|---|
| campo de control de longitud fija | 01034nam a2200313 4500 |
| 005 - Identificación de versión | |
| campo de control | 20251016084746.0 |
| 010 ## - Número Estándar Internacional de Libros (ISBN) | |
| Número (ISBN) | 968-27-0876-1 |
| 035 ## - Otros números de control del sistema | |
| Número de control del sistema | 5070 |
| 099 ## - fechas locales | |
| Tipo de ítem Koha | LIBRO |
| 100 ## - Datos de procesamiento general | |
| Datos de procesamiento general | 20120223d2002 m y1spay5003 ba |
| 105 ## - Campo de datos codificados: Material textual, monográfico | |
| Datos codificados de monografía | y 001zy |
| 200 1# - Título y mención de responsabilidad | |
| Título propio | Breviario alfabético |
| Designación general del material | texto impreso |
| Primer mención de responsabilidad | Juan José Arreola |
| Declaración de responsabilidad subsiguiente | selección y prólogo Javier García-Galiano |
| 205 ## - Declaración de edición | |
| Declaración de edición | 1a ed |
| 210 ## - Publicación, distribución, etc. | |
| Lugar de publicación, distribución, etc. | México |
| Nombre del editor, distribuidor, etc. | Consejo Nacional para la Cultura y las Artes |
| -- | Editorial Joaquín Mortiz |
| Fecha de publicación, distribución, etc. | 2002 |
| 215 ## - Descripción física | |
| Designación de material específico y extensión del ítem | 288 p |
| Dimensiones | 21 cm |
| 320 ## - Nota de índices/bibliografías internas | |
| Texto de la nota | Incluye bibliografía: p.287-288 |
| 345 ## - Nota de información de adquisición | |
| Fuente de adquisición/dirección de la suscripción [OBSOLETO] | Donación |
| 600 ## - Nombre personal usado como materia | |
| Elemento de entrada | Arreola Zúñiga |
| Parte del nombre distinta del elemento de entrada | Juan José |
| Fechas | 1918-2001 |
| Subdivisión temática | Citas, máximas, etc |
| Número Koha | 17398 |
| 660 ## - Código de área geográfica | |
| Código | MX |
| 700 ## - Nombre personal - Responsabilidad primaria | |
| Elemento de entrada | Arreola Zúñiga |
| Parte del nombre distinta del elemento de entrada | Juan José |
| Fechas | 1918-2001 |
| Número Koha | 5301 |
| 702 ## - Nombre personal - Responsabilidad secundaria | |
| Elemento de entrada | García-Galeano |
| Parte del nombre distinta del elemento de entrada | Javier |
| Fechas | 1963- |
| Número Koha | 13094 |
| 801 #0 - Fuente de origen | |
| País | FR |
| Agencia | cm |
| Reglas de catalogación (convenciones descriptivas) | AFNOR |
| 900 ## - | |
| -- | 1/6626 |
| 900 ## - | |
| -- | 7100418389\260204 |
| 942 ## - ELEMENTOS DE ENTRADA SECUNDARIOS (KOHA) | |
| Tipo de ítem Koha | Livre |
| 996 ## - | |
| -- | MEX |
| -- | 751145101 |
| -- | MMAG |
| -- | 002044 |
| -- | 868.4 A774B |
| -- | 20120223LIV |
| Estatus retirado | Estado de daño | Estado de pérdida | Fecha de adquisición | Biblioteca de origen | Biblioteca actual | Ubicación en estantería | Código de barras | Precio de reemplazo | Signatura topográfica completa | No para préstamo | Tipo de ítem Koha | Nota pública | Nota no pública |
|---|---|---|---|---|---|---|---|---|---|---|---|---|---|
| 05/08/2025 | Casa México Paris | Casa México Paris | 002044 | 05/08/2025 | 868.4 A774B | Livre | 20120223LIV | 751145101 |